Quizzes
Events
Quiz Creation
Community
Videos
Private Events
Remove Ads
Sign In
Join for FREE
Feedback
Dark Mode
Quiz Categories
Sports
Geography
Music
Movies
Television
Just For Fun
Miscellaneous
History
Literature
Language
Science
Gaming
Entertainment
Religion
Holiday
For Kids
Quiz Lab
Recent
Popular Today
Quiz Kudos Today
Editor Picks
Curator Picks
Quizzes by...
Day
Popularity
Type
Ratings
Length
Year
Community
Subscriptions
Recent Discussions
Orange Saloon
Badges
Playlists
Quests
Create
Leaderboards
Showdown
Live 5
Trivia Bingo
Activity
Puzzle Library
Sporcle Events
Private Events
Virtual Trivia
Globe League
Become a Host
Pub Owners
SporcleCon
Opinionation
Our Games
Videos
Blog
Mobile Apps
Partnerships
Remove Ads and Go Orange
Feedback
Sports
Athletes
MLB
NBA
NHL
NFL
Soccer
Sports Teams
WWE
NCAA
Football
Premier League
Basketball
Baseball
Hockey
Golf
Tennis
Cricket
Rugby
Auto Racing
Olympics
World Cup
Sports
Athletes
MLB
NBA
NHL
NFL
Soccer
Sports Teams
WWE
NCAA
Football
Premier League
Basketball
Baseball
Hockey
Golf
Tennis
Cricket
Rugby
Auto Racing
Olympics
World Cup
Random Quiz
Search Sporcle
×
Quiz Lab
Quiz Lab
Sports
College
Type in answers that appear in a list
Type in answers that appear in a list
Classic
Best Score? Go Orange.
Historical Southern Conference Teams Stats
Can you name the historical Southern Conference teams?
By
tc22
6m
43 Questions
212 Plays
212 Plays
212 Plays
Comments
Comments
Give Quiz Kudos
Give Quiz Kudos
-
- Ratings
hide this ad
Replay
Link that replays current quiz
Next Quiz
Link to next quiz in quiz playlist
You Got
0%
They Got
Avg Score
68%
Avg Friend Score
Upgrade to see
Score Distribution
Jump to the score distribution portion of the page
Score
0/43
Timer
06:00
0
Plays Today
Years
College
% Correct
1921-
1932
Georgia
96.7%
1921-
1932
Alabama
95.3%
1921-
1953
North Carolina
93.9%
1922-
1932
Florida
93.4%
1921-
1932
Georgia Tech
90.1%
1921-
1932
Auburn
88.7%
1922-
1932
Ole Miss
88.2%
1922-
1953
South Carolina
87.7%
1921-
1932
Tennessee
84.9%
1921-
1932
Mississippi State
84.4%
1921-
1937
Virginia
83%
1928-
1953
Duke
82.1%
1921-
1932
Kentucky
79.7%
1922-
1953
Vanderbilt
79.2%
1921-
1953
NC State
78.8%
1921-
1953
Clemson
76.4%
1991-
present
Georgia Southern
76.4%
1921-
1965
Virginia Tech
75.5%
1922-
1932
LSU
74.5%
1971-
present
Appalachian State
74.5%
1997-
present
Wofford
72.6%
1936-
present
Furman
70.3%
Years
College
% Correct
1976-
present
Western Carolina
69.3%
1936-
1988, 1991-
present
Davidson
67.9%
1936-
1953
Wake Forest
67.5%
1936-
present
The Citadel
67%
2008-
present
Samford
67%
1976-
present
Chattanooga
63.7%
1923-
1953
Maryland
63.2%
1998-
present
College of Charleston
62.3%
2003-
present
Elon
61.3%
1976-
1997
Marshall
60.4%
1964-
1976
East Carolina
57.1%
1950-
1968
West Virginia
55.2%
1924-
2003
VMI
54.7%
1997-
present
UNC Greensboro
51.4%
1936-
1976
Richmond
49.5%
1936-
1977
William and Mary
44.3%
1978-
2005
East Tennessee State
43.4%
1922-
1932
Tulane
38.2%
1923-
1932
Sewanee
26.9%
1921-
1958
Washington and Lee
25.9%
1936-
1970
George Washington
24.1%
Quiz Playlist
Details
Report
Send in Message
Add To Playlist
Classic:
Type in answers that appear in a list
Quiz Source
Last Updated: Feb 16, 2017
Quiz Scoreboard
CHALLENGE
Sign Up to Join the Scoreboard
Show All
Scores
Hide
Comments
May contain spoilers
Recently Published
9x9 Crossword: Cartoon Network
by jackfrog10
Miscellaneous
3m
College Basketball Coaching Resumes
by pancakes188
Sports
9m
Billboard Blitz: Fleetwood Mac
by CooCooCachoo
Music
15s
More to Explore
Quiz From the Vault
Featured Blog Post
Where Did the Easter Bunny Come From?
hide this ad
You Might Also Like...
Tags
College Quiz
Conference
Southern
Southern Conference
team
Today's Top Quizzes in Sports
Browse Sports
hide this ad
Today's Top Quizzes in College
Browse College
Top Contributed Quizzes in Sports
1
2022 World Cup Stars
2
Les meilleurs buteurs des matchs entre le PSG et l’OM
3
FIFA Club World Cup Champions
4
Les entraîneurs de l'OM et du PSG au 21e siècle
5
Criteria MLB: Left Handed Sluggers
6
AFC Teams Reveal (Wrong Answers Minefield)
7
2023 MLB Unique Player Accomplishments
8
5-to-1: FBS Animal Nicknames
9
Players with Multiple 50 Home Run Seasons
10
5-to-1: UK Sports Teams
Explore More
Trending Topics
NBA
Harry Potter
Marvel
Disney
Crossword
Anime
Kpop
Pokémon
NFL
Country
Soccer
Puzzle
The Office
WWE
Song
hide this ad
More By:
tc22
Quiz
Plays
Rating
Category
Featured
Created
All-NBA since 1970
13,280
4.43
Sports
Oct 5, 2009
Duke Starters of the Coach K Era
4,724
4.00
Sports
Oct 21, 2009
States by Population Density
2,588
4.48
Geography
Oct 18, 2009
NBA 50 Greatest Last Teams
2,535
4.26
Sports
Oct 5, 2009
Baseball Hall of Fame Hat Logos
2,035
2.46
Sports
Oct 17, 2009
Go to Creator's Profile
Score Distribution
Quiz Creator Spotlight
tc22
Follow
Send a Message
Quizzes Created
-
Created Quiz Play Count
-
More By This Creator
Popular Quizzes Today
1
Find the US States - No Outlines Minefield
2
Find the Countries of Europe - No Outlines Minefield
3
The Countries of the World
4
Find the US States
5
Risky Map Clicking: Biggest States A-Z
6
US States
7
Popular People in 1961
8
Movies - When Are They Set?
More Sports Quizzes
Just the Blue: Sports Logos
Published
Trending Quizzes
Risky Map Clicking: Least Populous States A-Z
1-10 Letter G Words
1-10 Letter F Words
Risky Map Clicking: Next State Alphabetically
Adjectives in 80s TV Shows
Recently Updated
Leaping Animals
pecheneg
Reality TV Shows (A-Z)
bhenderson79
Rickey Henderson's Hall of Fame Teammates
pecheneg
Champions League XIs: Arsenal
pecheneg
Quick Pick: Celebrities in WWE's Hall of Fame
aduchscher
A-Z Keypad Blitz II
pecheneg
Multiple Oscar Actors
pecheneg
Mystery Phrase Blitz: Oscar 'Best Actors'
pecheneg
F. Scott Fitzgerald Novels
LTH
Pick 3 Villains
ddd62291
Trending Topics
Marvel
Crossword
Harry Potter
Anime
Kpop
Disney
NBA
Song
Country
WWE
Pokémon
The Office
NFL
Puzzle
Soccer
Your Account Isn't Verified!
In order to create a playlist on Sporcle, you need to verify the email address you used during registration. Go to your
Sporcle Settings
to finish the process.
Report this User
Report this user for behavior that violates our
Community Guidelines
.
Details:
Send Report
Go to the Sporcle.com Mobile Site →
Comments